Detalles MARC
| 000 -CABECERA |
| campo de control de longitud fija |
01829nam a2200325 i 4500 |
| 003 - IDENTIFICADOR DEL NÚMERO DE CONTROL |
| campo de control |
DO-SdBNP |
| 005 - FECHA Y HORA DE LA ÚLTIMA TRANSACCIÓN |
| campo de control |
20241030103828.0 |
| 007 - CAMPO FIJO DE DESCRIPCIÓN FÍSICA--INFORMACIÓN GENERAL |
| campo de control de longitud fija |
ta |
| 008 - DATOS DE LONGITUD FIJA--INFORMACIÓN GENERAL |
| campo de control de longitud fija |
210415e2020 dr abc|fr|||| 001 0dspa d |
| 020 ## - NÚMERO INTERNACIONAL ESTÁNDAR DEL LIBRO |
| Número Internacional Estándar del Libro |
9789945926217 |
| 040 ## - FUENTE DE LA CATALOGACIÓN |
| Centro catalogador/agencia de origen |
DO-SdBNP |
| Lengua de catalogación |
spa |
| Centro/agencia transcriptor |
BNPHU |
| Normas de descripción |
rda |
| 041 ## - CÓDIGO DE LENGUA |
| Código de lengua original |
spa |
| 082 ## - NÚMERO DE LA CLASIFICACIÓN DECIMAL DEWEY |
| Número de clasificación |
572.39 |
| Número de documento/Ítem |
M863c |
| Número de edición |
22 |
| 100 1# - ENTRADA PRINCIPAL--NOMBRE DE PERSONA |
| Nombre de persona |
Morla Báez , Elbi |
| 9 (RLIN) |
26834 |
| 245 10 - MENCIÓN DE TÍTULO |
| Título |
Crecimiento y desarrollo : |
| Resto del título |
desde la concepción hasta la adolescencia / |
| Mención de responsabilidad, etc. |
Elbi Morla Báez ; prólogo Haideé Rondón |
| 264 ## - PRODUCCIÓN, PUBLICACIÓN, DISTRIBUCIÓN, FABRICACIÓN Y COPYRIGHT |
| Producción, publicación, distribución, fabricación y copyright |
Santo Domingo : |
| Nombre del de productor, editor, distribuidor, fabricante |
Instituto Tecnológico de Santo Domingo (INTEC), |
| Fecha de producción, publicación, distribución, fabricación o copyright |
2020. |
| 300 ## - DESCRIPCIÓN FÍSICA |
| Extensión |
vii , 133 páginas , |
| Otras características físicas |
ilustraciones y fotos ; |
| Dimensiones |
23 cm. |
| 336 ## - TIPO DE CONTENIDO |
| Fuente |
rdacontent |
| Término de tipo de contenido |
texto |
| Código de tipo de contenido |
txt |
| 337 ## - TIPO DE MEDIO |
| Fuente |
rdamedia |
| Nombre/término del tipo de medio |
sin mediación |
| Código del tipo de medio |
n |
| 338 ## - TIPO DE SOPORTE |
| Fuente |
rdacarrier |
| Nombre/término del tipo de soporte |
volumen |
| Código del tipo de soporte |
nc |
| 505 1# - NOTA DE CONTENIDO CON FORMATO |
| Nota de contenido con formato |
Capítulo 1 : |
| Identificador Uniforme del Recurso |
<a href="Generalidades sobre crecimiento y desarrollo.-">Generalidades sobre crecimiento y desarrollo.-</a> |
| Información miscelánea |
Capítulo 2 -- |
| Título |
Factores que influyen en el crecimiento y desarrollo-- |
| Información miscelánea |
Capítulo 3 -- |
| Título |
La nutrición en el crecimiento y desarrollo-- |
| Información miscelánea |
Capítulo 4-- |
| Título |
Períodos de crecimiento-- |
| -- |
Capítulo 5-- |
| -- |
Evaluación del crecimiento y desarrollo fetal |
| Información miscelánea |
Capítulo 6-- |
| Título |
Variables antropométrica de más utilidad en pediatría-- |
| Información miscelánea |
Capítulo 7-- |
| Identificador Uniforme del Recurso |
<a href="Variables antropométrica de más utilidad en pediatría--">Variables antropométrica de más utilidad en pediatría--</a> |
| Información miscelánea |
Capítulo 8-- |
| Título |
Curvas de crecimiento-- |
| Información miscelánea |
Capítulo 9-- |
| Título |
Desarrollo psicomotor-- |
| Información miscelánea |
Capítulo 10-- |
| Título |
La maduración esquelética o edad ósea-- |
| -- |
Desarrollo dental.- |
| Información miscelánea |
Capítulo 11-- |
| Título |
Desarrollo sexual-- |
| Información miscelánea |
Capítulo 12-- |
| Título |
La adolescencia-- |
| Información miscelánea |
Capítulo 13-- |
| Título |
Actividad de una clínica del crecimiento y desarrollo. |
| 590 ## - NOTA LOCAL (RLIN) |
| Nota local |
Inventariado, 2023 / DG |
| 650 #4 - PUNTO DE ACCESO ADICIONAL DE MATERIA--TÉRMINO DE MATERIA |
| Término de materia o nombre geográfico como elemento de entrada |
Crecimiento |
| 9 (RLIN) |
78391 |
| 650 #0 - PUNTO DE ACCESO ADICIONAL DE MATERIA--TÉRMINO DE MATERIA |
| Término de materia o nombre geográfico como elemento de entrada |
Pediatría |
| 9 (RLIN) |
19620 |
| 650 #4 - PUNTO DE ACCESO ADICIONAL DE MATERIA--TÉRMINO DE MATERIA |
| Término de materia o nombre geográfico como elemento de entrada |
Niños |
| Subdivisión general |
Nutrición |
| 9 (RLIN) |
78392 |
| 650 #4 - PUNTO DE ACCESO ADICIONAL DE MATERIA--TÉRMINO DE MATERIA |
| Término de materia o nombre geográfico como elemento de entrada |
Seguridad alimentaria |
| 9 (RLIN) |
78393 |
| 700 1# - PUNTO DE ACCESO ADICIONAL--NOMBRE DE PERSONA |
| Nombre de persona |
Rondón, Haideé, |
| Término indicativo de función/relación |
prólogo |
| 9 (RLIN) |
78394 |
| 910 ## - DATOS DE OPCIÓN DEL USUARIO (OCLC) |
| Datos de opción del usuario |
DG |
| 942 ## - ELEMENTOS DE PUNTO DE ACCESO ADICIONAL (KOHA) |
| Fuente del sistema de clasificación o colocación |
Dewey Decimal Classification |
| Tipo de ítem Koha |
Libro |